Music Quiz

Random Music or Song Quiz

50 Finest Frontmen and Women Quiz Stats

 Plays Quiz not verified by Sporcle

Score 0/50 Timer 10:00
0 Plays Today
Ranking Answer % Correct
2Mick Jagger
98.1%
1Freddie Mercury
97.5%
5Bono
96.2%
6Jim Morrison
96.2%
21Axl Rose
95.6%
18David Bowie
94.3%
10Kurt Cobain
91.2%
11Steve Tyler
90.2%
14Ozzy Osbourne
89.3%
32Jon Bon Jovi
88.6%
30Janis Joplin
87.7%
39Alice Cooper
87.7%
3Robert Plant
87.4%
15Bruce Springsteen
87.4%
13Jimi Hendrix
86.8%
4John Lydon
86.1%
7Roger Daltrey
80.8%
33Lou Reed
80.1%
40Little Richard
78.9%
17David Lee Roth
76%
35James Brown
76%
47Ian Brown
73.2%
16Joe Strummer
71.3%
19Eddie Vedder
71.3%
24Joey Ramone
71%
Ranking Answer % Correct
49Anthony Kiedis
69.1%
34Robert Smith
68.8%
12Liam Gallagher
68.5%
41James Hetfield
66.2%
46Tom Petty
64.7%
43Brian Johnson
64.4%
22David Grohl
64%
50Lemmy
63.4%
26Thom Yorke
61.2%
20Debbie Harry
60.9%
23Bon Scott
60.6%
9Iggy Pop
59.3%
8Morrissey
57.1%
38Stevie Nicks
54.3%
29Michael Hutchence
51.7%
37Trent Reznor
50.8%
44Bruce Dickinson
44.2%
27Chris Cornell
42%
28Ian Curtis
35.3%
42Matt Bellamy
30.9%
36Dave Gahan
30.6%
25Marc Bolan
22.7%
45Nick Cave
22.7%
31Jarvis Cocker
22.4%
48Henry Rollins
19.6%

You're not logged in!

Compare scores with friends on all Sporcle quizzes.
OR
Log In

Sporcle TV

Today on Sporcle TV


Watch our educational content, quiz creation guides, and fun videos on Sporcle TV.

Show Comments

Extras

Top Quizzes Today


Score Distribution

Your Account Isn't Verified!

In order to create a playlist on Sporcle, you need to verify the email address you used during registration. Go to your Sporcle Settings to finish the process.

Report this User

Report this user for behavior that violates our Community Guidelines.

Details: